Pays par première et dernière deux lettres en 5 minutes - Statistiques

Statistiques générales
  • Ce quiz a été pris 12 369 fois
  • Le résultat moyen est 313 sur 392
Réponses sur la Carte
Les réponses sont colorées sur une échelle allant du rouge au vert en fonction du pourcentage des utilisateurs qui les ont devinées à leur premier essai. Vous pouvez retrouver ces pourcentages ci-dessous.
 
Statistiques - réponses
pays % Correct
Cabo Verde
97%
Cambodge
97%
Cameroun
97%
Canada
97%
Costa Rica
97%
Birmanie
96%
Eswatini
96%
Albanie
95%
Algérie
95%
Allemagne
95%
Arabie Saoudite
95%
Argentine
95%
Arménie
95%
Comores
95%
Congo
95%
Espagne
95%
Estonie
95%
Etats-Unis
95%
Éthiopie
95%
France
95%
Madagascar
95%
Maldives
95%
Népal
95%
Philippines
95%
Portugal
95%
Qatar
95%
Rép dém Congo
95%
Saint-Christophe- et-Niévès
95%
Saint-Vincent-et-les-Grenadines
95%
Sénégal
95%
Seychelles
95%
Timor-Leste
95%
Antigua-et-Barbuda
94%
Australie
94%
Autriche
94%
Canada
94%
Chili
94%
Chine
94%
Chypre
94%
Danemark
94%
Guinée-Bissau
94%
Macédoine du Nord
94%
Madagascar
94%
Malaisie
94%
Malawi
94%
Maldives
94%
Mali
94%
Malte
94%
Maroc
94%
Mauritanie
94%
Mexique
94%
Nauru
94%
Ouganda
94%
Panama
94%
Russie
94%
Rwanda
94%
Suriname
94%
Bahreïn
93%
Bénin
93%
Brésil
93%
Brunei
93%
Chili
93%
Émirats arabes unis
93%
Etats-Unis
93%
Inde
93%
Indonésie
93%
Islande
93%
Israël
93%
Liban
93%
Liberia
93%
Libye
93%
Liechtenstein
93%
Lituanie
93%
Mali
93%
Saint-Marin
93%
Suède
93%
Suisse
93%
Suriname
93%
Afghanistan
92%
Andorre
92%
Angola
92%
Antigua-et-Barbuda
92%
Azerbaïdjan
92%
Bhoutan
92%
Colombie
92%
Comores
92%
Corée du Nord
92%
Corée du Sud
92%
Costa Rica
92%
Côte d'Ivoire
92%
Iran
92%
Kazakhstan
92%
Kirghizistan
92%
Liban
92%
Monaco
92%
Oman
92%
Ouzbékistan
92%
Pakistan
92%
Palaos
92%
Panama
92%
Papouasie-Nouvelle-Guinée
92%
Paraguay
92%
Pays-Bas
92%
Pologne
92%
Portugal
92%
Soudan
92%
Tadjikistan
92%
Taïwan
92%
Turkménistan
92%
Vatican
92%
Afghanistan
91%
Afrique du Sud
91%
Allemagne
91%
Argentine
91%
Bosnie-Herzégovine
91%
Chine
91%
Espagne
91%
Népal
91%
Norvège
91%
Nouvelle-Zélande
91%
Pologne
91%
République Centrafricaine
91%
République dominicaine
91%
Sierra Leone
91%
Ukraine
91%
Moldavie
90%
Monaco
90%
Mongolie
90%
Monténégro
90%
Mozambique
90%
Roumanie
90%
Royaume-Uni
90%
Eswatini
89%
Irak
89%
Iran
89%
Irlande
89%
Italie
89%
Koweït
89%
Tchèquie
89%
Tunisie
89%
Turkménistan
89%
Turquie
89%
Tuvalu
89%
Vanuatu
89%
Fidji
88%
Finlande
88%
France
88%
Grèce
88%
Île Maurice
88%
Nicaragua
88%
Niger
88%
Nigeria
88%
Royaume-Uni
88%
Cabo Verde
87%
Albanie
86%
Algérie
86%
Arménie
86%
Australie
86%
Barbade
86%
Biélorussie
86%
Bolivie
86%
Bulgarie
86%
Cambodge
86%
Colombie
86%
Croatie
86%
Estonie
86%
Éthiopie
86%
Finlande
86%
Gambie
86%
Géorgie
86%
Grenade
86%
Hongrie
86%
Inde
86%
Indonésie
86%
Irlande
86%
Islande
86%
Italie
86%
Jamaïque
86%
Japon
86%
Jordanie
86%
Lettonie
86%
Lituanie
86%
Malaisie
86%
Mauritanie
86%
Micronésie
86%
Moldavie
86%
Mongolie
86%
Namibie
86%
Norvège
86%
Nouvelle-Zélande
86%
Roumanie
86%
Russie
86%
Sainte-Lucie
86%
Serbie
86%
Slovaquie
86%
Slovénie
86%
Somalie
86%
Suède
86%
Syrie
86%
Tanzanie
86%
Tchèquie
86%
Thaïlande
86%
Tunisie
86%
Turquie
86%
Zambie
86%
Brésil
85%
Égypte
85%
Île Maurice
85%
Îles Marshall
85%
Bolivie
84%
Bosnie-Herzégovine
84%
Botswana
84%
Angola
83%
Belgique
83%
Dominique
83%
Guatemala
83%
Jamaïque
83%
Laos
83%
Mexique
83%
Mozambique
83%
Pérou
83%
Sao Tomé-et-Principe
83%
Sénégal
83%
Serbie
83%
Seychelles
83%
Suisse
83%
Venezuela
83%
Andorre
82%
Belgique
82%
Belize
82%
Bénin
82%
Burkina Faso
82%
Chypre
82%
Côte d'Ivoire
82%
Guinée équatoriale
82%
Kazakhstan
82%
Lesotho
82%
Lettonie
82%
Ouganda
82%
Ouzbékistan
82%
Pérou
82%
République Centrafricaine
82%
République dominicaine
82%
Somalie
82%
Soudan
82%
Soudan du Sud
82%
Sri Lanka
82%
Arabie Saoudite
81%
Birmanie
81%
Botswana
81%
Égypte
81%
Ghana
81%
Guyana
81%
Malte
81%
Namibie
81%
Nauru
81%
Afrique du Sud
80%
Corée du Sud
80%
Libye
80%
Soudan du Sud
80%
Ukraine
80%
Yémen
80%
Biélorussie
79%
Équateur
79%
Singapour
79%
Uruguay
79%
Bahamas
78%
Bahreïn
78%
Bangladesh
78%
Barbade
78%
Cuba
78%
Guatemala
78%
Guinée
78%
Guinée-Bissau
78%
Guinée équatoriale
78%
Guyana
78%
Maroc
77%
Danemark
76%
Honduras
76%
Hongrie
76%
Lesotho
76%
Venezuela
76%
Gabon
75%
Japon
75%
Salomon
75%
Congo
73%
Grèce
73%
Grenade
73%
Rép dém Congo
73%
Tadjikistan
73%
Taïwan
73%
Tanzanie
73%
Togo
73%
Trinité-et-Tobago
73%
Cuba
71%
Érythrée
70%
Niger
70%
Bulgarie
69%
Burkina Faso
69%
Burundi
69%
Saint-Christophe-et-Niévès
69%
Sainte-Lucie
69%
Saint-Marin
69%
Saint-Vincent-et-les-Grenadines
69%
Salomon
69%
Salvador
69%
Samoa
69%
Sao Tomé-et-Principe
69%
Viêt Nam
69%
Bahamas
68%
Honduras
68%
Kirghizistan
68%
Kiribati
68%
Paraguay
68%
Pays-Bas
68%
Uruguay
68%
Tchad
67%
Thaïlande
67%
Togo
67%
Tonga
67%
Djibouti
65%
Érythrée
65%
Guinée
65%
Haïti
65%
Kiribati
65%
Papouasie-Nouvelle-Guinée
65%
Timor-Leste
65%
Viêt Nam
65%
Équateur
64%
Oman
63%
Croatie
61%
Gabon
61%
Gambie
61%
Tchad
61%
Tonga
61%
Liberia
59%
Nigeria
59%
Yémen
59%
Zambie
59%
Corée du Nord
58%
Macédoine du Nord
58%
Philippines
58%
Kosovo
57%
Koweït
57%
Laos
57%
Palaos
57%
Zimbabwe
57%
Autriche
56%
Sierra Leone
56%
Singapour
56%
Kenya
55%
Luxembourg
55%
Slovaquie
55%
Slovénie
55%
Tuvalu
55%
Irak
54%
Haïti
53%
Sri Lanka
53%
Ghana
52%
Syrie
52%
Jordanie
50%
Vanuatu
49%
Vatican
49%
Azerbaïdjan
48%
Émirats arabes unis
48%
Micronésie
48%
Kenya
47%
Qatar
45%
Nicaragua
44%
Zimbabwe
44%
Belize
43%
Cameroun
43%
Israël
42%
Kosovo
41%
Rwanda
41%
Malawi
40%
Salvador
40%
Bhoutan
38%
Fidji
37%
Bangladesh
36%
Burundi
36%
Djibouti
36%
Luxembourg
34%
Samoa
29%
Îles Marshall
27%
Dominique
26%
Trinité-et-Tobago
26%
Brunei
19%
Aucun quiz correspondant
Distribution des résultats
% des personnes avec chaque résultat
Percentile par nombre de réponses
Votre historique - résultats
Vous n’avez pas pris ce quiz